Analýza počtu pracujúcich v jednotlivých krajoch SR pomocou pyramidálneho modelu

Analýza zamestnanosti v jednotlivých krajoch Slovenska podľa Pyramidálneho modelu počtu pracujúcich.

Guardado en:
Detalles Bibliográficos
Autor principal: Hurbánková, Ľubica, 1980-
Formato: Capítulo de libro
Lenguaje:eslovaco
Materias:
Etiquetas: Agregar Etiqueta
Sin Etiquetas, Sea el primero en etiquetar este registro!

MARC

LEADER 00000naa a2200000 4500
001 0195412
005 20240502073257.6
041 0 |a slo 
044 |a SK 
245 1 0 |a Analýza počtu pracujúcich v jednotlivých krajoch SR pomocou pyramidálneho modelu  |c Ľubica Hurbánková 
520 |a Analýza zamestnanosti v jednotlivých krajoch Slovenska podľa Pyramidálneho modelu počtu pracujúcich. 
610 2 0 |a Slovensko 
610 2 0 |a demografia 
610 2 0 |a modely ekonomicko-matematické 
100 1 |a Hurbánková, Ľubica, 1980-